Biggest City in English Counties - Statistics

General Stats
  • This quiz has been taken 164 times
    61 since last reset
  • The average score is 29 of 37
Answer Stats
Hint Answer % Correct
City of Bristol Bristol
96%
Merseyside Liverpool
96%
City of London London
96%
Greater London London
96%
Greater Manchester Manchester
96%
West Midlands Birmingham
94%
West Yorkshire Leeds
94%
South Yorkshire Sheffield
94%
Tyne and Wear Newcastle-upon-Tyne
93%
Nottinghamshire Nottingham
93%
Oxfordshire Oxford
93%
Derbyshire Derby
91%
Leicestershire Leicester
91%
North Yorkshire York
89%
East Sussex Brighton and Hove
87%
Lincolnshire Lincoln
87%
Norfolk Norwich
87%
Devon Plymouth
87%
Hampshire Southampton
87%
Gloucestershire Gloucester
85%
Durham Durham
81%
Herefordshire Hereford
81%
Worcestershire Worcester
81%
Cumbria Carlisle
80%
East Riding of Yorkshire Kingston-upon-Hull
78%
Cheshire Chester
72%
Cambridgeshire Peterborough
70%
Cornwall Truro
69%
Staffordshire Stoke-on-Trent
65%
Buckinghamshire Milton Keynes
61%
Somerset Bath
57%
Kent Canterbury
57%
Essex Southend-on-Sea
57%
Lancashire Preston
56%
Hertfordshire St Albans
39%
Wiltshire Salisbury
35%
West Sussex Chichester
30%
No matching quizzes found
Score Distribution
Percent of People with Each Score
Percentile by Number Answered
Your Score History
You have not taken this quiz since the last reset